| 000 | 01007cam a22002533a 4500 | ||
|---|---|---|---|
| 001 | 31424 | ||
| 003 | PGUSA | ||
| 005 | 20140828083659.0 | ||
| 008 | 100227s2010||||xxu|||||s|||||000 | eng d | ||
| 040 |
_aPGUSA _beng |
||
| 042 | _adc | ||
| 050 | 4 | _aKF | |
| 100 | 1 |
_aDavis, Charles G. _q(Charles Gideon), _d1820-1903 |
|
| 245 | 1 | 0 |
_aReport of the Proceedings at the Examination of Charles G. Davis, Esq., on the Charge of Aiding and Abetting in the Rescue of a Fugitive Slave : _bHeld in Boston, in February, 1851. _h[electronic resource] / _cCharles G. Davis |
| 260 |
_bProject Gutenberg, _c2010 |
||
| 506 | _aPublic domain in the USA. | ||
| 516 | _aElectronic text | ||
| 653 | _aFugitive slaves -- Legal status, laws, etc. -- Massachusetts -- Boston | ||
| 653 | _aDavis, Charles G. (Charles Gideon), 1820-1903 -- Trials, litigation, etc. | ||
| 653 | _aUnited States. Fugitive slave law (1850) | ||
| 830 | 0 |
_aProject Gutenberg _v31424 |
|
| 856 | 4 | 0 | _uhttp://www.gutenberg.org/ebooks/31424 |
| 942 | _cEB | ||
| 999 |
_c260679 _d260679 |
||